000 00545nam a2200169 a 4500
005 20140412111248.0
008 001120s19uu xx 00 eng d
020 _a0-8224-2507-6
050 _aTR(GS 372.21
_bH724 1989
100 _aHolley, Cynhtia
245 _aEvery day in every way /
_cCynthia Holley, Faraday Burditt.
260 _aBelmont, CA :
_bFearon Teacher Aids.
300 _a127 p.
650 _aPreschool education -- activity programs
650 _aPreschool education -- curricula - handbooks, manual, etc.
999 _c103023
_d103023